1324 1819 1426 1439 1201 1504 1112 1362 1112 1401 1032 1681 1470 1926 1664 1104 1064 1078 1065 1627 1975 1042 1116 1910 1091 1163 1443 1090 1873 1001 1165 1525 1029 1721 1122 1360 1478 1182 1808 1824 1403 1023 1831 1760 1129 1240 1868 1525 1369 1991 1593 1588 1754 1665 1863 1461 1475 1111 1599 1008 1633 1023 1013 1396 1794 1875 1737 1457 1233 1052 1612 1362 1999 1393 1345 1326 1651 1477 1897 1047 1259 1076 1385 1486 1657 1716 1052 1355 1552 1649 1149 1875 1324 1464 1224 1912 1435 1479 1522 BCNSPRNW ULIB Ver.6.0+V

เปลี่ยนเป็นภาษาไทย

Change to English
 แสดงรายละเอียดบรรณานุกรม
  กลับหน้าหลัก

Brief Record : Get Marc (ISO 2709) : E-mail record : QR code < ปิดหน้าต่าง
LEADER : 00000nam 2200000uu 4500
001    13399120257
003     ULIB
008    120917s2552||||th 000 0 tha d
020    ^a9789749922965
060 04 ^aWY200^bม497ก 2552
245 00 ^aการดูแลผู้ป่วยที่บ้าน /^cผู้รวบรวมและเรียบเรียง ; มาลินีชลานันต์ ... [และคนอื่นๆ]
250    ^aพิมพ์ครั้งที่ 1
260    ^aกรุงเทพฯ :^bศูนย์ฝึกอบรมปฐมพยาบาลและสุขภาพอนามัยสภากาชาดไทย,^c2552
300    ^a88 หน้า :^bภาพประกอบ;^c26 ซม.
650  7 ^aผู้ป่วยที่บ้าน, บริการ
650  7 ^aเคหการพยาบาล
650  7 ^aสุขภาพในครอบครัว
700 0  ^aมาลินี ชลานันต์,^eผู้รวบรวมและเรียบเรียง
710 2  ^aสภากาชาดไทย ศูนย์ฝึกอบรมปฐมพยาบาลและสุขภาพอนามัย
945    ^p120^l0^i16778
945    ^p120^l0^i16239
945    ^p120^l0^i16240
945    ^p120^l0^i16779
995    ^aวิภา
999 ^a ใช้งานได้ทุกระบบ
รายการนี้ยังไม่มีแท็ก
คุณยังไม่ได้ล็อกอิน คุณสามารถมีกิจกรรมร่วมกับเว็บไซต์ได้ แต่ต้องล็อกอินก่อน ::
  ล็อกอิน

รายการสื่อสารสนเทศ

ลำดับที่ ประเภท เลขเรียก/บาร์โค้ด สถานที่ สถานะ
- ไม่พบข้อมูล -

รายการใกล้เคียง
    หัวเรื่อง [ผู้ป่วยที่บ้าน, บริการ]
    หัวเรื่อง [เคหการพยาบาล]
    หัวเรื่อง [สุขภาพในครอบครัว]

BibComment


ยังไม่เคยถูกคอมเมนท์

คอมเมนท์ทรัพยากรรายการนี้
  คอมเมนท์: การดูแลผู้ป่วยที..


 Copyright 2026. Bcnsprnw @Library